000 00802nms a2200253zu 4500
001 22890
003 HDC
007 cr ba a|c||
008 210315p20140927tu ||||gq||d| 00| 0 eng
040 _aHDC
050 _aJART000909
245 0 _aJournal of Islamic Banking and Finance
260 _a[no place] :
_b[publisher not identified],
_c2014
300 _a1online resources, 100 pages
336 _atext
_2rdacontent
337 _acomputer
_2rdamedia
338 _aonline resource
_2rdacarrier
650 _afinance
_9103
650 _aIslamic banking
_9270
856 _zRequest full-text at [email protected]
942 _2lcc
942 _cAR
942 _kJART 003603
999 _c20206
_d20206